00246nam a2200109Ia 4500008004100000100001600041245001600057250000800073260002900081300000800110650001800118191201s2003 xx 000 0 und d aKHERA, Shiv 0aYou Can Win a1st aN.DelhibMacmillanc2003 a290 aGeneral Books